000 01952cam a2200397 i 4500
001 54496
003 Mx-PuUPA
005 20220328104554.0
008 140415s1981 sp r 000 0 spa d
020 _a8434439379 (obra completa)
020 _a8434439174 (v.1)
020 _a8434439190 (v.2)
020 _a8434439212 (v.3)
020 _a8434439255 (v.4)
020 _a8434439328 (v.5)
020 _a8434439441 (v.8)
020 _a8434439484 (v.9)
040 _erda
_bspa
_dMx-PuUPA
_aMx-PuUPA
_cMx-PuUPA
041 1 _aspa
_heng
100 1 _aCopleston, Frederick C.,
_q(Frederick Charles),
_d1907-1994
_eautor
_93566
240 1 0 _aA history of philosophy.
_lEspañol
245 1 0 _aHistoria de la filosofía /
_cFrederick Copleston, S. I.
264 1 _aBarcelona :
_bAriel,
_c[1981-1983]
300 _a7 volúmenes (paginación varía) ;
_c23 cm.
336 _atexto
_2rdacontent
_btxt
337 _asin medio
_2rdamedia
_bn
338 _avolumen
_2rdacarrier
_bnc
490 0 _aColección Convivium ;
_v9
500 _aEdición castellana dirigida por Manuel Sacristán.
500 _aColección no completa en Biblioteca
505 8 _gv.1.
_tGrecia y Roma / traducción, Juan Manuel García de la Mora. 6a edición / enero. --
_g v.2.
_tDe San Agustín a Escoto / traducción, Juan Carlos García Borrón. 5a. edición /junio. --
_gv.3.
_tDe Ockham a Suarez / traducción, Juan Carlos García Borrón. 4a. edición / enero. --
_gv.4.
_tDe Descastes a Leibniz / traducción, Juan Carlos García Borrón. 5a. edición. --
_gv.5.
_tDe Hobbes a Hume / traducción, ana Doménech. 5a. edición / febrero. --
_gv.8.
_tDe Bentham a Russell. / traducción, Victoria Camps. 3a. edición. --
_gv.9.
_tDe Maine de Biran a Sartre / traducción, José Manuel García de la Mora. 2a edición / julio.
650 7 _aFilosofía
_xHistoria
_2armarc
942 _2ddc
_cLI
_h109
_iC78
999 _c54496
_d54496